00446nam a2200181Ia 4500003000400000005001700004008004100021040000700062041000800069082001600077100002000093245006100113260002500174300001200199365001300211650002500224650001500249OSt20230329092610.0210423s1999 xx 000 0 und d cAL aeng a658.45 VILM aVILANILAM (J V) aMore effective communication: a manual for professionals bResponse Booksc1999 a238bPB b250cINR aExecutive Management aManagement